000 00825 a2200217 4500
010 _aENG-85796
020 _a8189915312
_c1250.00
035 _aEN-69329
037 _bDBAD / VEN
082 _a382.91
090 _c3616
_d3616
100 _aSundaresan, C S.
245 _aSouth Asia and multilateral trade regime:
_bdisorders for development
_cby C.S. Sundaresan
260 _aNew Delhi
_bRegal Publications
_c2007
270 _aF-159, Rajouri Garden,
_bNew Delhi
_cDelhi
_e110 027
_k45546396
_mregalbookspub@yahoo.com
300 _axvii, 346p.
_c23cm (Hb)
500 _aIncludes index
520 _aTrade, food security, agricultural trade, global oil market, competitive electricity market
942 _adpl
_cEN
_k382.91 / SUN
999 _c3545
_d3545